Drake - Not You Too (feat. Chris Brown) - Lyrics - Statistics

General Stats
  • This quiz has been taken 90 times
  • The average score is 193 of 365
Answer Stats
Answer % Correct
I
97%
you
96%
You
96%
a
91%
to
88%
in
85%
Trust
84%
trust
84%
who?
84%
C
82%
my
82%
me
79%
me?
79%
the
79%
The
79%
time
78%
an
76%
deeply
76%
First
75%
first
75%
Hurtin'
75%
long
75%
no
75%
No
75%
inside
72%
your
71%
do
69%
And
65%
and
65%
when
60%
When
60%
can
59%
Oh
59%
then
57%
back
56%
I'm
54%
it
54%
not
54%
Not
54%
too
53%
be
50%
like
50%
set
50%
free
49%
that
49%
That
49%
thing
49%
man
47%
Watchin'
47%
but
46%
don't
46%
real
46%
even
44%
love
41%
take
40%
was
40%
we
40%
I'll
38%
MVP
38%
things
38%
you're
38%
Left
37%
straight
37%
came
35%
Doin'
35%
wanna
35%
Yeah
35%
baby
34%
make
34%
the booth
34%
waste
34%
Why
34%
mean
32%
come
31%
crazy
31%
down
31%
is
31%
Just
31%
just
31%
sayin'
31%
want
31%
Want
31%
can't
29%
'Cause
29%
feel
29%
For
29%
for
29%
know
29%
save
29%
on
28%
tell
28%
off
26%
angel
25%
clean
25%
shoulders
25%
weight
25%
Ooh
24%
out
24%
if
22%
knew
22%
way
22%
How
21%
how
21%
miss
21%
nigga
21%
wavy
21%
sorry
19%
this
19%
Thought
19%
cryin'
18%
ever
18%
let
18%
mind
18%
find
16%
God
16%
got
16%
need
16%
All
15%
all
15%
believe
15%
everything
15%
flipped
15%
get
15%
supposed
15%
there's
15%
times
15%
about
13%
ask
13%
did
13%
dirty
13%
from
13%
little
13%
many
13%
shawty
13%
ten
13%
shit
12%
keep
10%
those
10%
Houston
9%
mold
9%
Ride
9%
speed
9%
backseat
7%
problem
7%
freak
6%
Pimp
6%
us
6%
dawg
4%
only
4%
enough
3%
given
3%
knee
3%
Maybach
3%
scooped
3%
they
3%
Why'd
3%
Ain't
1%
bended
1%
I've
1%
made
1%
meant
1%
niggas
1%
started
1%
goin'
0%
involved
0%
No matching quizzes found
Score Distribution
Percent of People with Each Score
Percentile by Number Answered
Your Score History
You have not taken this quiz